LEADER 00930nam0-2200301---450- 001 990008284740403321 005 20060228111339.0 035 $a000828474 035 $aFED01000828474 035 $a(Aleph)000828474FED01 035 $a000828474 100 $a20060227d1911----km-y0itay50------ba 101 0 $afre 102 $aIT 105 $ay---n----00yy 200 1 $aGuide historique-artistique illustré des Camaldules de Naples$fde Vincenzo Acampora$gtraduit de l'italien par Joseph Caiazzo 210 $aNaples$cImprimerie Lubrano$d1911 215 $a45 p.$cill.$d17 cm 610 0 $aNapoli$aGuide 700 1$aAcampora,$bVincenzo$0499885 702 1$aCaiazzo,$bGiuseppe 801 0$aIT$bUNINA$gRICA$2UNIMARC 901 $aBK 912 $a990008284740403321 952 $aRARI M 58$b14487$fFARBC 959 $aFARBC 996 $aGuide historique-artistique illustré des Camaldules de Naples$9740371 997 $aUNINA LEADER 02176oam 2200517M 450 001 9910715563003321 005 20191121064234.1 035 $a(CKB)5470000002512423 035 $a(OCoLC)1065585491 035 $a(OCoLC)995470000002512423 035 $a(EXLCZ)995470000002512423 100 $a20070221d1831 ua 0 101 0 $aeng 135 $aurcn||||||||| 181 $ctxt$2rdacontent 182 $cc$2rdamedia 183 $acr$2rdacarrier 200 10$aIn Senate of the United States, February 19, 1831. Read, and ordered to be printed. Mr. Benton made the following report: The Committee on Military Affairs, to which was referred the bill for the relief of the officers and soldiers of Ford Delaware, report.. 210 1$a[Washington, D.C.] :$c[publisher not identified],$d1831. 215 $a1 online resource (1 pages) 225 1 $aSenate document / 21st Congress, 2nd session. Senate ;$vno. 58 225 1 $a[United States congressional serial set] ;$v[serial no. 204] 300 $aTitle taken from opening lines of text. 300 $aBatch processed record: Metadata reviewed, not verified. Some fields updated by batch processes. 300 $aFDLP item number not assigned. 517 $aIn Senate of the United States, February 19, 1831. Read, and ordered to be printed. Mr. Benton made the following report 606 $aClaims 606 $aMalicious mischief 606 $aVandalism 606 $aFires 606 $aMilitary bases 608 $aLegislative materials.$2lcgft 615 0$aClaims. 615 0$aMalicious mischief. 615 0$aVandalism. 615 0$aFires. 615 0$aMilitary bases. 701 $aBenton$b Thomas Hart$f1782-1858$pJacksonian (MO)$01387125 801 0$bWYU 801 1$bWYU 801 2$bOCLCO 801 2$bOCLCQ 906 $aBOOK 912 $a9910715563003321 996 $aIn Senate of the United States, February 19, 1831. Read, and ordered to be printed. Mr. Benton made the following report: The Committee on Military Affairs, to which was referred the bill for the relief of the officers and soldiers of Ford Delaware, report.$93455446 997 $aUNINA LEADER 01061nam--2200349---450- 001 990005857400203316 005 20130627131848.0 035 $a000585740 035 $aUSA01000585740 035 $a(ALEPH)000585740USA01 035 $a000585740 100 $a20130612d1913----km-y0itay50------ba 101 0 $aita 102 $aIT 105 $a||||||||001yy 200 1 $aGli scritti di Marcello Taddei (1884-1908)$fcon prefazione di G. A. Borgese 210 $aNapoli$cRicciardi$d1913 215 $aXI, 259 p.$d20 cm 676 $a854.8 700 1$aTADDEI,$bMarcello$0617248 702 1$aBORGESE,$bGiuseppe Antonio 801 0$aIT$bsalbc$gISBD 912 $a990005857400203316 951 $aXV.2.A. 1402$b2900 F.C.$cXV.2.A$d00341276 959 $aBK 969 $aCUOMO 979 $aPALERMO$b90$c20130612$lUSA01$h1221 979 $aPALERMO$b90$c20130612$lUSA01$h1223 979 $aPALERMO$b90$c20130618$lUSA01$h1010 979 $aPALERMO$b90$c20130627$lUSA01$h1318 996 $aGli scritti di Marcello Taddei (1884-1908$91086263 997 $aUNISA